[Event "Oberliga Ost-A 1819"]
[Site "Germany"]
[Date "2019.03.24"]
[Round "9.8"]
[White "Mertens, Fridolin"]
[Black "Peters, Andreas"]
[Result "1/2-1/2"]
[WhiteElo "2110"]
[BlackElo "2258"]
[PlyCount "59"]
[EventDate "2018.10.21"]
[EventType "team-tourn"]
[EventRounds "11"]
[EventCountry "GER"]
[SourceTitle "EXT 2020"]
[Source "ChessBase"]
[SourceDate "2019.10.17"]
[SourceVersion "1"]
[SourceVersionDate "2019.10.17"]
[SourceQuality "1"]
[WhiteTeam "Loeberitz"]
[BlackTeam "Leipzig SG II"]
[WhiteTeamCountry "GER"]
[BlackTeamCountry "GER"]

1. e4 e6 2. c4 d5 3. exd5 exd5 4. d4 Nf6 5. Nf3 Be7 6. Bd3 0-0 7. 0-0 Bg4 8. Be3 Nc6 9. Nc3 Nb4 10. Be2 dxc4 11. Bxc4 c6 12. h3 Bh5 13. g4 Bg6 14. Ne5 Nbd5 15. Qb3 Nb6 16. f4 Nxc4 17. Qxc4 Be4 18. Nxe4 Nxe4 19. f5 Qd5 20. Qxd5 cxd5 21. Rac1 Rac8 22. Kg2 f6 23. Nd3 Bd6 24. Rxc8 Rxc8 25. Rc1 Rxc1 26. Bxc1 Kf7 27. Bf4 g6 28. Bxd6 Nxd6 29. fxg6+ hxg6 30. Nf4 1/2-1/2

[Event "Mittelrhein Verbandsliga-N 17/18"]
[Site "Nordrheinwestfalen"]
[Date "2018.02.25"]
[Round "8.8"]
[White "Greb, Michael"]
[Black "Peters, Andreas"]
[Result "0-1"]
[WhiteElo "1666"]
[BlackElo "1906"]
[PlyCount "130"]
[EventDate "2017.09.10"]
[EventType "team-swiss"]
[EventRounds "11"]
[EventCountry "GER"]
[SourceTitle "EXT 2022"]
[Source "ChessBase"]
[SourceDate "2021.10.06"]
[SourceVersion "1"]
[SourceVersionDate "2021.10.06"]
[SourceQuality "1"]
[WhiteTeam "Rheinpark BSG"]
[BlackTeam "Eikamp Freibauer"]
[WhiteTeamCountry "GER"]
[BlackTeamCountry "GER"]

1. e4 e5 2. Nf3 Nc6 3. Bc4 Bc5 4. c3 Nf6 5. d3 d6 6. Be3 Bb6 7. h3 h6 8. Nbd2 0-0 9. Nb3 Ne7 10. Qc2 c6 11. d4 Ng6 12. 0-0 Re8 13. d5 Bxe3 14. fxe3 b5 15. Bd3 Qb6 16. dxc6 Qxe3+ 17. Kh1 Nh5 18. Kh2 a6 19. Qd2 Qb6 20. a4 bxa4 21. Nc1 Qxc6 22. Ne2 Be6 23. g4 Nhf4 24. Nxf4 Nxf4 25. Nd4 exd4 26. Rxf4 dxc3 27. bxc3 Bb3 28. c4 Qc5 29. Qc3 Rac8 30. Raf1 Bxc4 31. Rf5 Re5 32. Bxc4 Qxc4 33. Qxc4 Rxc4 34. Rxf7 Rcxe4 35. Ra7 Re2+ 36. Kg3 a5 37. Rff7 Rg5 38. h4 Rg6 39. Rf4 a3 40. Ra8+ Kh7 41. Rxa5 a2 42. Rfa4 Rge6 43. Rxa2 Rxa2 44. Rxa2 Kg6 45. Kf4 Kf6 46. Rd2 g5+ 47. hxg5+ hxg5+ 48. Kf3 Ke7 49. Rd4 Re5 50. Ra4 Ke6 51. Rd4 d5 52. Ra4 Kd6 53. Ra1 Kc5 54. Rc1+ Kd4 55. Rd1+ Kc3 56. Rc1+ Kd2 57. Rc5 Kd3 58. Ra5 Kc4 59. Ra4+ Kb3 60. Rd4 Kc3 61. Ra4 d4 62. Ra3+ Kc2 63. Ra2+ Kb3 64. Re2 Rxe2 65. Kxe2 Kc2 0-1

[Event "Mittelrhein Verbandsliga-N 17/18"]
[Site "Nordrheinwestfalen"]
[Date "2017.09.10"]
[Round "1.8"]
[White "Ipekyilmaz, Tayfun"]
[Black "Peters, Andreas"]
[Result "0-1"]
[WhiteElo "1700"]
[BlackElo "1906"]
[PlyCount "82"]
[EventDate "2017.09.10"]
[EventType "team-swiss"]
[EventRounds "11"]
[EventCountry "GER"]
[SourceTitle "EXT 2022"]
[Source "ChessBase"]
[SourceDate "2021.10.06"]
[SourceVersion "1"]
[SourceVersionDate "2021.10.06"]
[SourceQuality "1"]
[WhiteTeam "Langenfeld II"]
[BlackTeam "Eikamp Freibauer"]
[WhiteTeamCountry "GER"]
[BlackTeamCountry "GER"]

1. e4 e5 2. f4 d5 3. exd5 e4 4. Bb5+ c6 5. dxc6 bxc6 6. Bc4 Nf6 7. Qe2 Bc5 8. Nf3 0-0 9. Ne5 Nbd7 10. Nxf7 Rxf7 11. Bxf7+ Kxf7 12. Nc3 Qe7 13. g4 a5 14. g5 Ba6 15. gxf6 Nxf6 16. d3 Re8 17. Kd1 Qd6 18. Qd2 exd3 19. cxd3 Bxd3 20. Re1 Ng4 21. Rxe8 Nf2+ 22. Ke1 Kxe8 23. Qxf2 Bxf2+ 24. Kxf2 Qb4 25. Ke3 Bf5 26. Bd2 Qb6+ 27. Kf3 Qxb2 28. Re1+ Kf7 29. Ke3 Qc2 30. Re2 Qd3+ 31. Kf2 Bg4 32. Be3 Qxc3 33. Rd2 a4 34. Rd4 Be6 35. Rd2 a3 36. h4 h5 37. Re2 c5 38. Bd2 Qa1 39. Be3 Bc4 40. Rd2 Qf1+ 41. Kg3 Qe1+ 0-1

[Event "GER T210-C47-S email"]
[Site "GER email"]
[Date "2015.06.01"]
[Round "?"]
[White "Peters, Andreas"]
[Black "Rohde, Friedhelm"]
[Result "1/2-1/2"]
[WhiteElo "2022"]
[BlackElo "2117"]
[PlyCount "54"]
[EventDate "2015.06.08"]
[EventType "tourn (corr)"]
[EventRounds "8"]
[EventCountry "GER"]
[SourceTitle "Corr 2020"]
[Source "ChessBase"]
[SourceDate "2019.09.30"]
[SourceVersion "1"]
[SourceVersionDate "2019.09.30"]
[SourceQuality "1"]

1. e4 e5 2. Nf3 Nc6 3. Nc3 Nf6 4. Nxe5 Nxe4 5. Nxc6 Nxc3 6. dxc3 dxc6 7. Qxd8+ Kxd8 8. Bc4 Bf5 9. Bxf7 Bxc2 10. 0-0 Bf5 11. Re1 Bd6 12. Be3 Rf8 13. Bc4 Kd7 14. Rad1 Rae8 15. b4 Re7 16. Bd4 Rxe1+ 17. Rxe1 g5 18. f3 h5 19. a4 b6 20. g3 Re8 21. Rxe8 Kxe8 22. Kf2 h4 23. Bb3 Ke7 24. a5 Bg6 25. Ba2 Bf5 26. Bc4 Be6 27. Ba6 Kf7 1/2-1/2

[Event "GER T210-C47-S email"]
[Site "GER email"]
[Date "2015.06.01"]
[Round "?"]
[White "Peters, Andreas"]
[Black "Vieth, Martin"]
[Result "1/2-1/2"]
[WhiteElo "2022"]
[BlackElo "1900"]
[PlyCount "104"]
[EventDate "2015.06.08"]
[EventType "tourn (corr)"]
[EventRounds "8"]
[EventCountry "GER"]
[SourceTitle "Corr 2020"]
[Source "ChessBase"]
[SourceDate "2019.09.30"]
[SourceVersion "1"]
[SourceVersionDate "2019.09.30"]
[SourceQuality "1"]

1. e4 e5 2. Nf3 Nc6 3. Nc3 Nf6 4. Nxe5 Nxe5 5. d4 Ng6 6. e5 Ng8 7. Bc4 d5 8. Bxd5 c6 9. Bb3 Bb4 10. 0-0 Bxc3 11. bxc3 Be6 12. f4 Qd7 13. c4 N8e7 14. Bb2 0-0 15. d5 cxd5 16. cxd5 Bxd5 17. f5 Nxf5 18. Qxd5 Qxd5 19. Bxd5 Ne3 20. Bb3 Nxf1 21. Rxf1 Rae8 22. Re1 b5 23. a4 bxa4 24. Bxa4 Re7 25. Bb3 Rb8 26. h3 a5 27. Ra1 Nxe5 28. Rxa5 Ng6 29. Kh2 h6 30. Ba3 Rd7 31. Bc5 Rc8 32. Be3 Re7 33. Bb6 Nf4 34. Rf5 Ne2 35. Rf2 Nc3 36. Rf4 Ne4 37. Bd5 Nd2 38. c4 g5 39. Rf6 Nxc4 40. Bd4 Ne5 41. Rxh6 Rd8 42. Bxe5 Rxe5 43. Bf3 Rd4 44. Rc6 Kg7 45. Rc7 Kg6 46. Kg3 Re6 47. Rc8 f5 48. Rg8+ Kh6 49. Rf8 Re5 50. Rh8+ Kg7 51. Rh5 Kg6 52. Rh8 Rd3 1/2-1/2

[Event "GER T210-C47-S email"]
[Site "GER email"]
[Date "2015.06.01"]
[Round "?"]
[White "Rohde, Friedhelm"]
[Black "Peters, Andreas"]
[Result "0-1"]
[WhiteElo "2117"]
[BlackElo "2022"]
[PlyCount "60"]
[EventDate "2015.06.08"]
[EventType "tourn (corr)"]
[EventRounds "8"]
[EventCountry "GER"]
[SourceTitle "Corr 2020"]
[Source "ChessBase"]
[SourceDate "2019.09.30"]
[SourceVersion "1"]
[SourceVersionDate "2019.09.30"]
[SourceQuality "1"]

1. e4 e5 2. Nf3 Nc6 3. Nc3 Nf6 4. Nxe5 Nxe5 5. d4 Nc6 6. d5 Ne5 7. f4 Ng6 8. e5 Ng8 9. d6 cxd6 10. exd6 Qf6 11. Qe2+ Qe6 12. Nb5 Qxe2+ 13. Bxe2 Rb8 14. Be3 b6 15. 0-0-0 Nh4 16. g3 Nf5 17. Bf2 Nf6 18. Rhe1 Kd8 19. Nxa7 Ne4 20. Bg1 Nfxd6 21. Bf3 f5 22. g4 Nc5 23. Nxc8 Rxc8 24. Bd4 Be7 25. Rg1 Rg8 26. Be5 Nf7 27. gxf5 Nxe5 28. fxe5 Rf8 29. b4 Na4 30. f6 gxf6 0-1

[Event "GER T210-C47-S email"]
[Site "GER email"]
[Date "2015.06.01"]
[Round "?"]
[White "Thomae, Eberhard"]
[Black "Peters, Andreas"]
[Result "0-1"]
[WhiteElo "1849"]
[BlackElo "2022"]
[PlyCount "70"]
[EventDate "2015.06.08"]
[EventType "tourn (corr)"]
[EventRounds "8"]
[EventCountry "GER"]
[SourceTitle "Corr 2020"]
[Source "ChessBase"]
[SourceDate "2019.09.30"]
[SourceVersion "1"]
[SourceVersionDate "2019.09.30"]
[SourceQuality "1"]

1. e4 e5 2. Nf3 Nc6 3. Nc3 Nf6 4. Nxe5 Nxe5 5. d4 Ng6 6. e5 Ng8 7. Bc4 d5 8. Bxd5 c6 9. Be4 Be6 10. 0-0 Qd7 11. Be3 0-0-0 12. f3 N8e7 13. Qe2 Nf5 14. Bxf5 Bxf5 15. Rad1 Be7 16. d5 cxd5 17. Nxd5 Qc6 18. c4 Bc5 19. Qf2 Bxe3 20. Qxe3 Kb8 21. b3 Rhe8 22. f4 f6 23. Rfe1 fxe5 24. Ne7 Nxe7 25. Rxd8+ Rxd8 26. Qxe5+ Kc8 27. Qxe7 Qb6+ 28. Qe3 Qxe3+ 29. Rxe3 Rd1+ 30. Kf2 Ra1 31. Re2 Bb1 32. Re7 Rxa2+ 33. Kf3 Rb2 34. Rxg7 Rxb3+ 35. Kg4 Rb4 0-1